The law in the Scriptures : with explanations of the law terms and legal references in both the Old and the New Testaments.

Bibliographic Details
Main Author: White, Edward J. (Edward Joseph), 1869-1935
Format: Book
Language:English
Published: St. Louis, Mo. : Thomas law book company, 1935.
Subjects:

MARC

Tag First Indicator Second Indicator Subfields
LEADER 00000cam a2200000 4500
001 in00000067701
005 20151008050810.0
008 731221s1935 mou 00000 eng u
010 |a  35003594  
035 |a (OCoLC)00766424 
035 |9 AAG3449AM 
040 |c WSU  |d TXA  |d UtOrBLW 
049 |a TXAM  |c [215217] 
090 |a BS639  |b .W5 
092 |a 340  |b W583 
100 1 |a White, Edward J.  |q (Edward Joseph),  |d 1869-1935. 
245 1 4 |a The law in the Scriptures :  |b with explanations of the law terms and legal references in both the Old and the New Testaments. 
264 1 |a St. Louis, Mo. :  |b Thomas law book company,  |c 1935. 
300 |a 422 pages 
336 |a text  |b txt  |2 rdacontent 
337 |a unmediated  |b n  |2 rdamedia 
338 |a volume  |b nc  |2 rdacarrier 
650 0 |a Bible and law. 
650 0 |a Jewish law. 
650 0 |a Law  |v Terminology. 
999 |a MARS 
999 f f |s b75b68bb-93e0-3cd6-833a-85d23f33f131  |i 386aa534-6597-34da-af24-805672ec2e63  |t 0 
952 f f |p ric  |a Texas A&M University  |b Rellis Campus  |c Joint Library Facility  |d Remote Storage  |t 0  |e BS639 .W5  |h Library of Congress classification  |i unmediated -- volume  |m A14800779656 
998 f f |a BS639 .W5  |t 0  |l Remote Storage